000 00313nam a22001337a 4500
008 170530b xxu||||| |||| 00| 0 eng d
020 _a9780974348155
041 _aeng
080 _a94(4)
100 _a17
101 _aSHH
245 _aAP*EUROPEAN HISTORY : AN ESSENTIAL COURSEBOOK
_cWOOD,E
942 _2udc
_cBK
999 _c15076
_d15076